|
|
|
|
| LEADER |
00000cam a22000004a 4500 |
| 001 |
musev2_95348 |
| 003 |
MdBmJHUP |
| 005 |
20230905053148.0 |
| 006 |
m o d |
| 007 |
cr||||||||nn|n |
| 008 |
001221s1999 nju o 00 0 eng d |
| 020 |
|
|
|a 9780813526300
|
| 020 |
|
|
|z 0813526302
|
| 040 |
|
|
|a MdBmJHUP
|c MdBmJHUP
|
| 100 |
1 |
|
|a Borkman, Thomasina.
|
| 245 |
1 |
0 |
|a Understanding Self-Help/Mutual-Aid :
|b Experiential Learning in the Commons /
|c Thomasina Jo Borkman.
|
| 264 |
|
1 |
|a New Brunswick, N.J. :
|b Rutgers University Press,
|c 1999.
|
| 264 |
|
3 |
|a Baltimore, Md. :
|b Project MUSE,
|c 0000
|
| 264 |
|
4 |
|c ©1999.
|
| 300 |
|
|
|a 1 online resource (282 pages):
|b illustrations
|
| 336 |
|
|
|a text
|b txt
|2 rdacontent
|
| 337 |
|
|
|a computer
|b c
|2 rdamedia
|
| 338 |
|
|
|a online resource
|b cr
|2 rdacarrier
|
| 588 |
|
|
|a Description based on print version record.
|
| 650 |
|
7 |
|a Self-help groups.
|2 fast
|0 (OCoLC)fst01111738
|
| 650 |
|
7 |
|a SOCIAL SCIENCE
|x Human Services.
|2 bisacsh
|
| 650 |
|
7 |
|a POLITICAL SCIENCE
|x Public Policy
|x Social Services & Welfare.
|2 bisacsh
|
| 650 |
|
6 |
|a Groupes d'entraide.
|
| 650 |
|
2 |
|a Self-Help Groups
|
| 650 |
|
0 |
|a Self-help groups.
|
| 655 |
|
7 |
|a Electronic books.
|2 local
|
| 710 |
2 |
|
|a Project Muse.
|e distributor
|
| 830 |
|
0 |
|a Book collections on Project MUSE.
|
| 856 |
4 |
0 |
|z Texto completo
|u https://projectmuse.uam.elogim.com/book/95348/
|
| 945 |
|
|
|a Project MUSE - Custom Collection
|